000
00497nam a2200181Ia 4500
008
090124s9999 xx 000 0 und d
082
_b
28382
_a
7120
100
_a
जोशी रत्नप्रभा
245
_a
शिखंडी
250
_a
1
260
_c
1992
300
_a
114
600
_a
जोशी रत्नप्रभा
630
_a
शिखंडी
700
_a
जोशी रत्नप्रभा
730
_a
शिखंडी
942
_c
BOOK
999
_c
141844
_d
141844